| 000 | 01248cam a2200265 4500 | ||
|---|---|---|---|
| 008 | 000000n2001 000 0 eng u | ||
| 020 | _a1873936907 | ||
| 035 | _a(Sirsi) u111694 | ||
| 050 | _a551.52 | ||
| 100 |
_aSantamouris, M. _xEditor |
||
| 245 | _aEnergy and climate change in the urban built environment. | ||
| 260 |
_aLondon _bJames and James _c2001 |
||
| 300 | _aviii, 402p. ; 24cm. | ||
| 350 | _a45.00 | ||
| 520 | _aINCLUDES A CD-ROM WHICH IS NOT AVAILABLE FOR LOAN. Cities have a huge impact on the local climate and require vast quantities of energy to keep them functioning. The urban environment in turn has a big impact on the performance and needs of buildings. This book attempts to address some of these issues also suggesting a range of design solutions that can be adopted both to improve the energy performance and indoor air quality of buildings and to look at aspects of urban design that can reduce these climate effects. | ||
| 650 | _aCLIMATE CHANGE | ||
| 650 | _aENERGY CONSERVATION | ||
| 650 | _aBUILT ENVIRONMENT-CONSTRUCTION DESIGN | ||
| 650 | _aGLOBAL WARMING | ||
| 650 | _aGREEN BUILDINGS | ||
| 650 | _aELECTRICITY CONSUMPTION | ||
| 650 | _aPOLLUTION | ||
| 690 |
_aEnvironment _96238 |
||
| 942 | _n0 | ||
| 999 |
_c101279 _d101279 |
||